Bestimmungs-Tabellen der europäischen Coleopteren IV.

Uložené v:
Podrobná bibliografia
Hlavný autor: Reitter, E.
Médium: Kniha
Jazyk:Slovak
Vydané: [s. a.].
Fyzický popis: S. 67-96.
Tagy: Pridať tag
Žiadne tagy, Buďte prvý kto otaguje tento záznam!

MARC

LEADER 00000nam a22000004a 4500
001 000554635
005 20170811071457.0
008 170810s1935 xo e 000 0 slo d
040 |a SVKKK  |b slo  |c SVKKK  |e AACR2 
100 1 |a Reitter, E. 
245 1 0 |a Bestimmungs-Tabellen der europäischen Coleopteren IV. 
260 |c [s. a.]. 
300 |a S. 67-96. 
500 |a Záznam revízie 
910 |a svkkk 
998 |a BK 
090 |g SCKHL  |k Sklad Pribinova 2. posch.  |a III.2833  |j 10009  |i 2720358189  |s Prezenčne